000
00245nam a22000977a 4500
999
_c
534023
_d
534023
082
_a
604.2
_b
LUZ
100
_a
Warren.
245
_a
Fundamental of Engineering Drawing /
942
_2
ddc
_c
BK